LIBRARY & INFORMATION CENTRE, KCAET, TAVANUR

ONLINE PUBLIC ACCESS CATALOGUE (OPAC)

Farm Tractor,Power Tiller: | Maintenance and Repair (Record no. 11345)

MARC details
000 -LEADER
fixed length control field 00387cam a2200157ua 4500
003 - CONTROL NUMBER IDENTIFIER
control field OSt
008 - FIXED-LENGTH DATA ELEMENTS--GENERAL INFORMATION
fixed length control field 200625b ||||| |||| 00| 0 eng d
041 ## - LANGUAGE CODE
Language code of text/sound track or separate title eng
082 ## - DEWEY DECIMAL CLASSIFICATION NUMBER
Classification number 631.372
Item number JAI/FA
100 ## - MAIN ENTRY--AUTHOR NAME
Personal name Jain, S C.
245 ## - TITLE STATEMENT
Title Farm Tractor,Power Tiller:
Remainder of title Maintenance and Repair
250 ## - EDITION STATEMENT
Edition statement 4
260 ## - PUBLICATION, DISTRIBUTION, ETC. (IMPRINT)
Place of publication New delhi
Name of publisher Standard publishers
Year of publication 2019
300 ## - PHYSICAL DESCRIPTION
Number of Pages 366
942 ## - ADDED ENTRY ELEMENTS (KOHA)
Koha item type Books
Holdings
Withdrawn status Lost status Damaged status Collection code Home library Current library Shelving location Date acquired Source of acquisition Cost, normal purchase price Full call number Accession Number Koha item type
      General Books KAUAET KAUAET General Stacks 23/03/2023 EEDEEYOU Manjeri 250.00 631.372 JAI/FA 26199 Books
      General Books KAUAET KAUAET General Stacks 23/03/2023 EEDEEYOU Manjeri 250.00 631.372 JAI/FA 26200 Books
      General Books KAUAET KAUAET General Stacks 23/03/2023 EEDEEYOU Manjeri 250.00 631.372 JAI/FA 26201 Books
      General Books KAUAET KAUAET General Stacks 23/03/2023 EEDEEYOU Manjeri 250.00 631.372 JAI/FA 26202 Books
free website counter